| 000 | 00582nam a22002057a 4500 | ||
|---|---|---|---|
| 005 | 20230104094057.0 | ||
| 008 | 230104b ||||| |||| 00| 0 eng d | ||
| 040 | _cAL | ||
| 041 | _aeng | ||
| 082 |
_223 _a032.02 _bSACC |
||
| 100 |
_aS K Sachdeva _968315 |
||
| 245 | _aCompetition success review year book 1996 | ||
| 260 |
_aNew Delhi _bCompetition Review Pvt Ltd _c1996 |
||
| 300 |
_a826p. _bPB _c19x18cm. |
||
| 650 |
_aInternational Organisations _968316 |
||
| 650 |
_aWhos Who _968317 |
||
| 650 |
_aOur India _968318 |
||
| 700 |
_aSACHDEVA (S K) Ed _968319 |
||
| 942 |
_2ddc _cDB |
||
| 999 |
_c226201 _d226201 |
||